[Event "AUT-ch Vor3 Internet"]
[Site "Playchess.com INT"]
[Date "2020.04.17"]
[Round "3"]
[White "Kessler, Manuel"]
[Black "Ragger, Anna Christina"]
[Result "0-1"]
[WhiteElo "1731"]
[BlackElo "2204"]
[PlyCount "80"]
[EventDate "2020.04.17"]
[EventType "swiss (blitz)"]
[EventRounds "9"]
[EventCountry "AUT"]
[SourceTitle "CBM 195 Extra"]
[Source "ChessBase"]
[SourceDate "2020.05.31"]
[SourceVersion "1"]
[SourceVersionDate "2020.05.31"]
[SourceQuality "1"]

1. d4 d5 2. c4 c6 3. cxd5 cxd5 4. Nc3 Nc6 5. Bf4 Nf6 6. e3 a6 7. Nf3 Bg4 8. Be2 e6 9. h3 Bxf3 10. Bxf3 Bd6 11. Bxd6 Qxd6 12. 0-0 0-0 13. Rc1 Rac8 14. a3 Na5 15. Be2 b5 16. b4 Nc4 17. Bxc4 Rxc4 18. Qd2 Rfc8 19. Ne2 R8c6 20. Rxc4 Rxc4 21. Rc1 Qc7 22. Rxc4 dxc4 23. Nc3 Nd5 24. e4 Nxc3 25. Qxc3 Qf4 26. f3 Qg3 27. a4 h5 28. axb5 axb5 29. Kf1 g5 30. Qe1 Qf4 31. Ke2 g4 32. hxg4 hxg4 33. Qd2 gxf3+ 34. gxf3 Qg3 35. Qe3 Kf8 36. f4 Qg2+ 37. Qf2 Qxe4+ 38. Kd2 Qd3+ 39. Kc1 Qa3+ 40. Kc2 Qa2+ 0-1

[Event "AUT-ch Vor3 Internet"]
[Site "Playchess.com INT"]
[Date "2020.04.17"]
[Round "8"]
[White "Kucharski, Michael"]
[Black "Kessler, Manuel"]
[Result "1-0"]
[WhiteElo "1948"]
[BlackElo "1731"]
[PlyCount "73"]
[EventDate "2020.04.17"]
[EventType "swiss (blitz)"]
[EventRounds "9"]
[EventCountry "AUT"]
[SourceTitle "CBM 195 Extra"]
[Source "ChessBase"]
[SourceDate "2020.05.31"]
[SourceVersion "1"]
[SourceVersionDate "2020.05.31"]
[SourceQuality "1"]

1. d4 Nf6 2. c4 c5 3. d5 e6 4. Nc3 exd5 5. cxd5 d6 6. e4 g6 7. h3 Bg7 8. Nf3 0-0 9. Bd3 a6 10. a4 Re8 11. 0-0 Nbd7 12. Bf4 Ne5 13. Nxe5 dxe5 14. Bg5 h6 15. Be3 b6 16. a5 bxa5 17. Bxc5 Rb8 18. Ba3 Qb6 19. Na4 Qb7 20. Nc5 Qb6 21. Qe2 Nd7 22. Nxa6 Bxa6 23. Bxa6 Nc5 24. Bc4 Rec8 25. Qe3 Nb3 26. Qxb6 Rxb6 27. Bxb3 Rxb3 28. Rac1 Rbb8 29. d6 Bf6 30. Rfd1 Rd8 31. Rd5 Kg7 32. Rxa5 Rbc8 33. Rxc8 Rxc8 34. g3 Bd8 35. Rd5 Kf6 36. Bb4 Rb8 37. Bc3 1-0

[Event "AUT-ch Vor2 Internet"]
[Site "Playchess.com INT"]
[Date "2020.04.13"]
[Round "2"]
[White "Schroll, Gerhard"]
[Black "Kessler, Manuel"]
[Result "1-0"]
[WhiteElo "2321"]
[BlackElo "1731"]
[PlyCount "40"]
[EventDate "2020.04.13"]
[EventType "swiss (blitz)"]
[EventRounds "9"]
[EventCountry "AUT"]
[SourceTitle "CBM 195 Extra"]
[Source "ChessBase"]
[SourceDate "2020.05.31"]
[SourceVersion "1"]
[SourceVersionDate "2020.05.31"]
[SourceQuality "1"]

1. d4 Nf6 2. c4 c5 3. d5 b5 4. Qc2 g6 5. e4 d6 6. Nf3 Bg7 7. cxb5 a6 8. Nbd2 0-0 9. b6 Nbd7 10. Nc4 Nxb6 11. Bd2 Bd7 12. Ba5 Rb8 13. Nxb6 Rxb6 14. Bxb6 Qxb6 15. Bc4 Rb8 16. Rb1 a5 17. 0-0 a4 18. b3 axb3 19. Rxb3 Qa7 20. Rxb8+ Qxb8 1-0

[Event "AUT-ch Vor2 Internet"]
[Site "Playchess.com INT"]
[Date "2020.04.13"]
[Round "4"]
[White "Soelkner, Julian"]
[Black "Kessler, Manuel"]
[Result "1/2-1/2"]
[WhiteElo "1484"]
[BlackElo "1731"]
[PlyCount "76"]
[EventDate "2020.04.13"]
[EventType "swiss (blitz)"]
[EventRounds "9"]
[EventCountry "AUT"]
[SourceTitle "CBM 195 Extra"]
[Source "ChessBase"]
[SourceDate "2020.05.31"]
[SourceVersion "1"]
[SourceVersionDate "2020.05.31"]
[SourceQuality "1"]

1. e4 c5 2. Nf3 e6 3. d4 cxd4 4. Nxd4 Nc6 5. Nc3 Qc7 6. Be3 a6 7. Be2 Nf6 8. 0-0 Be7 9. f3 0-0 10. Rc1 Rd8 11. Nb3 d5 12. exd5 Nxd5 13. Nxd5 Rxd5 14. Qe1 b5 15. c4 bxc4 16. Bxc4 Rd8 17. Qc3 Bf6 18. Qc2 Bb7 19. Bd3 Rac8 20. Bxh7+ Kh8 21. Be4 Qe7 22. Qf2 Nb4 23. Bc5 Rxc5 24. Qxc5 Bxe4 25. Qxe7 Bxe7 26. fxe4 Kg8 27. a3 Nd3 28. Rc2 Rb8 29. Nc1 Nxb2 30. Ne2 Nd3 31. a4 Bc5+ 32. Kh1 Nf2+ 33. Kg1 Nxe4+ 34. Kh1 Nf2+ 35. Kg1 Nh3+ 36. Kh1 Nf2+ 37. Kg1 Nh3+ 38. Kh1 Nf2+ 1/2-1/2